000 00683nam a2200253Ia 4500
003 OSt
005 20221007101142.0
006 a|||||r|||| 00| 0
007 ta
008 221006b |||||||| |||| 00| 0 eng d
020 _a0406653380
024 _a5,937
037 _cTextual
040 _aLCO
_cLCO
_beng
041 _2eng
_aeng
082 _aX:97qN71, L1
100 _aSelwyn N.M.
_9702663
245 0 _aGuide to the Industrial Relations Act 1971
260 _aLondon
_bButterworths & Co. (Publishers) Ltd. U.K.
_c1971
300 _a153
650 _aINDUSTRIAL RELATION
942 _hX:97qN71, L1
_cTEXL
999 _c1175500
_d1175500